Giáo dục học mầm non

Zapisane w:
Opis bibliograficzny
1. autor: Phạm, Thị Châu
Format: Książka
Język:Undetermined
Wydane: Hà Nội Đại học Quốc gia Hà Nội 2004
Hasła przedmiotowe:
Etykiety: Dodaj etykietę
Nie ma etykietki, Dołącz pierwszą etykiete!
Thư viện lưu trữ: Trung tâm Học liệu Trường Đại học Cần Thơ
LEADER 00586nam a2200193Ia 4500
001 CTU_87319
008 210402s9999 xx 000 0 und d
020 |c 33000 
082 |a 372.21 
082 |b Ch125 
100 |a Phạm, Thị Châu 
245 0 |a Giáo dục học mầm non 
245 0 |c Phạm Thị Châu, Nguyễn Thị Oanh, Trần Thị Sinh 
260 |a Hà Nội 
260 |b Đại học Quốc gia Hà Nội 
260 |c 2004 
650 |a Education,preschool 
904 |i Trúc(Tuyen) 
980 |a Trung tâm Học liệu Trường Đại học Cần Thơ